[Event "Treviso WE op 28th"]
[Site "Treviso"]
[Date "2004.12.05"]
[Round "2.33"]
[White "Palaja, Massimo"]
[Black "Buso, Giuseppe"]
[Result "0-1"]
[WhiteElo "1440"]
[BlackElo "1517"]
[PlyCount "72"]
[EventDate "2004.12.04"]
[EventType "swiss"]
[EventCountry "ITA"]
[SourceTitle "EXT 2024"]
[Source "ChessBase"]
[SourceDate "2023.10.10"]
[SourceVersion "1"]
[SourceVersionDate "2023.10.10"]
[SourceQuality "1"]

1. e4 e5 2. Nf3 Nc6 3. Bc4 d6 4. 0-0 Be7 5. Nc3 Nf6 6. d3 h6 7. Be3 0-0 8. h3 Na5 9. Qd2 Nxc4 10. dxc4 Kh7 11. Nd5 Nxe4 12. Qe2 f5 13. Rad1 Be6 14. Nxe5 c6 15. Nxe7 Qxe7 16. Nf3 c5 17. Nd2 Qf7 18. b3 Nc3 19. Qd3 Nxd1 20. Rxd1 Rad8 21. Nb1 g6 22. Bf4 d5 23. cxd5 Rxd5 24. Qe2 Rfd8 25. Nc3 Rxd1+ 26. Nxd1 Re8 27. Qd2 Bd5 28. Bxh6 Qe6 29. Be3 b6 30. c4 Bc6 31. Nb2 Qe4 32. f3 Qxe3+ 33. Qxe3 Rxe3 34. Kf2 Rc3 35. Nd1 Rc2+ 36. Kg3 Rxa2 0-1